Sered Št. meštianská škola

Zobrazenie: V bielom orámovaní pohľad spredu na budovu školy, pred ktorou je múrik s plotom

Bibliographic Details
Format: Postcard
Language:Slovak
German
Hungarian
PhysicalDescription:1 pohľadnica čiernobiela 9 x 14 cm
Published: [Slovensko?] [vydavateľ neznámy] [1930?]
Subjects:

MARC

LEADER 00000ckm a2200000 a 4500
001 vtls001366423
003 SK-MaSNL
005 20260512121949.0
007 kp bo
008 230706q1930 xo g 0k|slo
015 |a SNBG1930 
035 |a SNK000320093 
035 |a urn:nbn:sk:snk-km3lxi1 
035 |a 5EE969FF-9CD6-46DF-B7F9-20F6DDECD067 
035 |a urn:nbn:sk:snk-km00dpss 
040 |a SNK  |b slo  |c SNK  |e AACR2 
041 |a slo  |a ger  |a hun 
043 |a e-xo--- 
044 |a xo  |c SK 
072 7 |a 913  |x Regionálna geografia  |2 konspekt 
080 |a 913(437.6)  |2 2011 
080 |a (084.121)  |2 2011 
080 |a 373/378  |2 2011 
245 0 0 |a Sered  |h grafika  |b Št. meštianská škola 
246 3 1 |a Sered  |b Staatl. Bürgerchule 
246 3 1 |a Sered  |b Áll. pole. iskola 
246 3 3 |a Sereď  |b Štátna meštianska škola 
260 |a [Slovensko?]  |b [vydavateľ neznámy]  |c [1930?] 
300 |a 1 pohľadnica  |b čiernobiela  |c 9 x 14 cm 
500 |a Názvové údaje prevzaté z obrazovej časti pohľadnice 
520 |a Zobrazenie: V bielom orámovaní pohľad spredu na budovu školy, pred ktorou je múrik s plotom 
546 |a Súbežný podnázov v maďarčine a nemčine 
650 0 7 |a školy  |2 SNKPH  |9 1276 
651 7 |a Sereď (Slovensko)  |2 SNKPH  |9 59452 
655 7 |a miestne pohľadnice  |2 SNKPH  |9 70510 
852 |a Slovenská národná knižnica 
958 |a GBN 
958 |a GC 
958 |a ONDV 
999 |c 549321  |d 551251 
952 |t P60, <03>, [BOOK], {603}  |a SNK  |b SNK  |y PREZ  |7 0  |p 17A0196947  |o snkSP 20999  |z Pohľadnica prešla poštou.  |0 0  |1 0  |4 0  |d 1999-06-22  |f 1  |l 0  |r 2005-01-02 00:00:00  |w 2026-02-23